000 00671nam a2200205Ia 4500
005 20250701164516.0
008 008 250505s9999 xx 000 0 eng d
037 _aTextual
040 _aEASL
_beng
_cEASL
041 _aeng
_2eng
084 _aO42,3:g, Q3
_qEASL
100 _aHenshall Kenneth G.
_9648757
245 0 _aIn Search of Nature: The Japanese Writer Tamaya Katai 1872-1930
260 _aUSA
_bBoston Global Oriental
_c2013
300 _a248pg
365 _aUK
650 _aTayama, Katai,-Criticism and interpretation; Naturalism in Literature; Nature in Literature
_9815093
942 _cTEXL
_hO42,3:g, Q3
999 _c1433315
_d1433315